<?xml version="1.0" encoding="UTF-8"?>
<marc:record xmlns:marc="http://www.loc.gov/MARC21/slim">
   <marc:leader>00000nam a2200000 a 4500</marc:leader>
   <marc:datafield ind1="1" ind2=" " tag="100">
      <marc:subfield code="a">Künzler-Behncke, Rosemarie</marc:subfield>
      <marc:subfield code="4">ctb</marc:subfield>
      <marc:subfield code="e">Mitwirkende/-r</marc:subfield>
   </marc:datafield>
   <marc:datafield ind1="1" ind2=" " tag="100">
      <marc:subfield code="a">Zünd, Monika</marc:subfield>
      <marc:subfield code="4">ctb</marc:subfield>
      <marc:subfield code="e">Mitwirkende/-r</marc:subfield>
   </marc:datafield>
   <marc:datafield ind1="0" ind2="0" tag="245">
      <marc:subfield code="a">Sisi</marc:subfield>
   </marc:datafield>
   <marc:datafield ind1="0" ind2="0" tag="245">
      <marc:subfield code="b">wie aus der kleinen Sisi die große Kaiserin Elisabeth wurde</marc:subfield>
   </marc:datafield>
   <marc:datafield ind1="0" ind2="0" tag="245">
      <marc:subfield code="c">Rosemarie Künzler-Behncke. Mit Ill. von Monika Zünd</marc:subfield>
   </marc:datafield>
   <marc:datafield ind1=" " ind2="1" tag="264">
      <marc:subfield code="a">Wien</marc:subfield>
      <marc:subfield code="b">Betz</marc:subfield>
      <marc:subfield code="c">2010</marc:subfield>
   </marc:datafield>
   <marc:datafield ind1="1" ind2=" " tag="520">
      <marc:subfield code="a">Angaben aus der Verlagsmeldung

Sisi – Wie aus der kleinen Sisi die große Kaiserin Elisabeth wurde / von Rosemarie Künzler-Behncke

Das Leben der kleinen, fröhlichen „Sisi“, die in der Nähe von München aufwuchs und es später als Kaiserin Elisabeth in Wien nicht leicht hatte, ist eines, das Kinder und Erwachsene immer wieder bewegt. Schon die Kleinsten nehmen Anteil an ihrer Geschichte, die hier kindgerecht aufbereitet wurde und somit auch einen Teil der österreichischen Geschichte nahebringt.
</marc:subfield>
   </marc:datafield>
   <marc:datafield ind1=" " ind2=" " tag="020">
      <marc:subfield code="a">9783219114362</marc:subfield>
      <marc:subfield code="9">9783219114362</marc:subfield>
   </marc:datafield>
</marc:record>
